| 000 | 00523nam a2200181Ia 4500 | ||
|---|---|---|---|
| 003 | OSt | ||
| 005 | 20201228142619.0 | ||
| 008 | 190216s9999||||xx |||||||||||||| ||und|| | ||
| 020 | _a9788182640702 | ||
| 040 | _coclc | ||
| 082 |
_a700 _bVIJ/M |
||
| 100 |
_aVijayakrishnan _97929 |
||
| 245 | 0 |
_aMalayala Cinimayude Kadha / _cVijayakrishnan |
|
| 260 |
_bMathrubhumi Printing &publishing, _aKozhikode: _c2007. |
||
| 300 | _a208p | ||
| 650 | _aSahithyam | ||
| 942 |
_cBK _2ddc _h700 _iVIJ//M _k700 _mVIJ//M |
||
| 999 |
_c29323 _d29323 |
||